[Event "VIE-ch U09"]
[Site "Ho Chi Minh City"]
[Date "2014.07.17"]
[Round "7"]
[White "Le, Minh Duc"]
[Black "Nguyen, Tran Minh Nhat"]
[Result "0-1"]
[WhiteElo "1576"]
[BlackElo "1474"]
[PlyCount "98"]
[EventDate "2014.07.13"]
[EventType "swiss"]
[EventRounds "9"]
[EventCountry "VIE"]
[SourceTitle "EXT 2016"]
[Source "ChessBase"]
[SourceDate "2015.10.08"]
[SourceVersion "1"]
[SourceVersionDate "2015.10.08"]
[SourceQuality "1"]

1. e4 e5 2. Nf3 Nc6 3. Bb5 a6 4. Ba4 d6 5. c3 Bd7 6. 0-0 Nf6 7. d3 Be7 8. h3 0-0 9. Nbd2 h6 10. Re1 Nh7 11. Nf1 Ng5 12. Bxg5 Bxg5 13. Nxg5 Qxg5 14. Ng3 Rfe8 15. Qc1 Qxc1 16. Raxc1 b5 17. Bc2 Be6 18. a3 a5 19. Rcd1 b4 20. a4 b3 21. Bb1 Rab8 22. Nf5 Bxf5 23. exf5 Nd8 24. d4 f6 25. f4 Nc6 26. d5 Na7 27. fxe5 fxe5 28. c4 Rb4 29. Rd3 Reb8 30. Ree3 Rxa4 31. Rxb3 Rxb3 32. Rxb3 Ra1 33. Rb7 Rxb1+ 34. Kf2 Nc8 35. Rb8 Kf7 36. Rxc8 Rxb2+ 37. Kg3 Rb7 38. Ra8 Rb4 39. c5 Rb5 40. cxd6 cxd6 41. Ra7+ Kf6 42. Kh4 Rxd5 43. g4 e4 44. Kg3 Re5 45. Rd7 e3 46. Rxd6+ Ke7 47. Rd1 e2 48. Re1 a4 49. Kf4 Kf6 0-1

[Event "VIE-ch U09"]
[Site "Ho Chi Minh City"]
[Date "2014.07.17"]
[Round "8"]
[White "Nguyen, Tran Minh Nhat"]
[Black "Nguyen, Quoc Hy"]
[Result "0-1"]
[WhiteElo "1474"]
[BlackElo "1591"]
[PlyCount "86"]
[EventDate "2014.07.13"]
[EventType "swiss"]
[EventRounds "9"]
[EventCountry "VIE"]
[SourceTitle "EXT 2016"]
[Source "ChessBase"]
[SourceDate "2015.10.08"]
[SourceVersion "1"]
[SourceVersionDate "2015.10.08"]
[SourceQuality "1"]

1. e4 c5 2. Nf3 d6 3. d4 cxd4 4. Qxd4 Nc6 5. Bb5 Bd7 6. Bxc6 Bxc6 7. Nc3 e6 8. Be3 Nf6 9. 0-0-0 Be7 10. Rhe1 0-0 11. Qd3 a6 12. Nd4 Rc8 13. Nxc6 Rxc6 14. f3 Qc7 15. Bf2 b5 16. f4 b4 17. Na4 Rc8 18. Rd2 Qa5 19. b3 Nd7 20. Bd4 Nc5 21. Bxc5 dxc5 22. Qd7 c4 23. Red1 cxb3 24. axb3 Qc7 25. g3 e5 26. f5 Bg5 27. Kb1 Bxd2 28. Qxd2 Rxc2 29. Qe3 Rxh2 30. Qd3 h6 31. Nb2 Qc3 32. Na4 Qxd3+ 33. Rxd3 Rh1+ 34. Kb2 Rcc1 35. Rd8+ Kh7 36. Rb8 a5 37. Rb5 Rce1 38. Ka2 Rh2+ 39. Nb2 Ree2 40. Rxa5 Rxb2+ 41. Ka1 Rxb3 42. Rxe5 Rxg3 43. Rd5 Rg1+ 0-1